<?xml version="1.0" encoding="UTF-8"?>
<collection xmlns="http://www.loc.gov/MARC21/slim">
    <record>
        <controlfield tag="001">78955</controlfield>
        <controlfield tag="005">20201105083211.0</controlfield>
        <datafield tag="024" ind1="7" ind2=" ">
            <subfield code="2">doi</subfield>
            <subfield code="a">10.1186/s12978-019-0681-1</subfield>
        </datafield>
        <datafield tag="024" ind1="8" ind2=" ">
            <subfield code="2">sideral</subfield>
            <subfield code="a">111335</subfield>
        </datafield>
        <datafield tag="037" ind1=" " ind2=" ">
            <subfield code="a">ART-2019-111335</subfield>
        </datafield>
        <datafield tag="041" ind1=" " ind2=" ">
            <subfield code="a">eng</subfield>
        </datafield>
        <datafield tag="100" ind1=" " ind2=" ">
            <subfield code="a">Tarr-Attia, C.K.</subfield>
        </datafield>
        <datafield tag="245" ind1=" " ind2=" ">
            <subfield code="a">'Birds of the same feathers fly together': midwives' experiences with pregnant women and FGM/C complications - a grounded theory study in Liberia</subfield>
        </datafield>
        <datafield tag="260" ind1=" " ind2=" ">
            <subfield code="c">2019</subfield>
        </datafield>
        <datafield tag="506" ind1="0" ind2=" ">
            <subfield code="a">Access copy available to the general public</subfield>
            <subfield code="f">Unrestricted</subfield>
        </datafield>
        <datafield tag="520" ind1="3" ind2=" ">
            <subfield code="a">Background: In Liberia, approximately 70% of the women of the North-Central and North-Western regions could have undergone female genital mutilation/cutting (FGM/C) in their childhood during a traditional ceremony marking their entrance into Sande, a secret female society. Little is known about FGM/C from Liberian women's perspective. This study aimed to understand the health implications of FGM/C as perceived by qualified female midwives. 
Methods: This qualitative study was conducted in 2017 in Monrovia, Liberia's capital. Twenty midwives were approached. Of these, seventeen consented to participate in in-depth interviews. A thematic guide was used to gain insights about their knowledge on FGM/C and their experiences attending women victims of FGM/C. A feminist interpretation of constructivist grounded theory guided data generation and analysis. 
Results: The midwives participants described how clitoridectomy was the most common FGM/C type done to the girls during the Sande initiation ceremonies. Sexual impairment and intrapartum vulvo-perineal laceration with subsequent hemorrhage were described as frequent FGM/C-attributable complications that some midwives could be unable to address due to lack of knowledge and skills. The majority of midwives would advocate for the abandonment of FGM/C, and for the preservation of the traditional instructions that the girls in FGM/C-practicing regions receive when joining Sande. The midwives described how migration to urban areas, and improved access to information and communication technologies might be fuelling abandonment of FGM/C. 
Conclusion: Liberian midwives need tailored training to provide psychosexual counseling, and to attend the obstetric needs of pregnant women that have undergone FGM/C. In spite of FGM/C being seemingly in the decline, surveillance at clinic-level is warranted to prevent its medicalization. Any clinic- or community-based training, research, prevention and awareness intervention targeting FGM/C-practicing populations should be designed in collaboration with Sande members, and acknowledging that the Liberian population may place a high value in Sande's traditional values.</subfield>
        </datafield>
        <datafield tag="540" ind1=" " ind2=" ">
            <subfield code="9">info:eu-repo/semantics/openAccess</subfield>
            <subfield code="a">by</subfield>
            <subfield code="u">http://creativecommons.org/licenses/by/3.0/es/</subfield>
        </datafield>
        <datafield tag="590" ind1=" " ind2=" ">
            <subfield code="a">2.177</subfield>
            <subfield code="b">2019</subfield>
        </datafield>
        <datafield tag="591" ind1=" " ind2=" ">
            <subfield code="a">PUBLIC, ENVIRONMENTAL &amp; OCCUPATIONAL HEALTH</subfield>
            <subfield code="b">56 / 170 = 0.329</subfield>
            <subfield code="c">2019</subfield>
            <subfield code="d">Q2</subfield>
            <subfield code="e">T1</subfield>
        </datafield>
        <datafield tag="591" ind1=" " ind2=" ">
            <subfield code="a">PUBLIC, ENVIRONMENTAL &amp; OCCUPATIONAL HEALTH</subfield>
            <subfield code="b">90 / 193 = 0.466</subfield>
            <subfield code="c">2019</subfield>
            <subfield code="d">Q2</subfield>
            <subfield code="e">T2</subfield>
        </datafield>
        <datafield tag="592" ind1=" " ind2=" ">
            <subfield code="a">1.223</subfield>
            <subfield code="b">2019</subfield>
        </datafield>
        <datafield tag="593" ind1=" " ind2=" ">
            <subfield code="a">Reproductive Medicine</subfield>
            <subfield code="c">2019</subfield>
            <subfield code="d">Q1</subfield>
        </datafield>
        <datafield tag="593" ind1=" " ind2=" ">
            <subfield code="a">Obstetrics and Gynecology</subfield>
            <subfield code="c">2019</subfield>
            <subfield code="d">Q1</subfield>
        </datafield>
        <datafield tag="655" ind1=" " ind2="4">
            <subfield code="a">info:eu-repo/semantics/article</subfield>
            <subfield code="v">info:eu-repo/semantics/publishedVersion</subfield>
        </datafield>
        <datafield tag="700" ind1=" " ind2=" ">
            <subfield code="a">Boiwu, G.H.</subfield>
        </datafield>
        <datafield tag="700" ind1=" " ind2=" ">
            <subfield code="0">(orcid)0000-0001-6756-9515</subfield>
            <subfield code="a">Martinez-Perez, G.</subfield>
            <subfield code="u">Universidad de Zaragoza</subfield>
        </datafield>
        <datafield tag="710" ind1="2" ind2=" ">
            <subfield code="1">1006</subfield>
            <subfield code="2">255</subfield>
            <subfield code="a">Universidad de Zaragoza</subfield>
            <subfield code="b">Dpto. Fisiatría y Enfermería</subfield>
            <subfield code="c">Área Enfermería</subfield>
        </datafield>
        <datafield tag="773" ind1=" " ind2=" ">
            <subfield code="g">16 (2019), 18 [12 pp]</subfield>
            <subfield code="p">Reproductive Health</subfield>
            <subfield code="t">Reproductive Health</subfield>
            <subfield code="x">1742-4755</subfield>
        </datafield>
        <datafield tag="856" ind1="4" ind2=" ">
            <subfield code="s">391119</subfield>
            <subfield code="u">http://zaguan.unizar.es/record/78955/files/texto_completo.pdf</subfield>
            <subfield code="y">Versión publicada</subfield>
        </datafield>
        <datafield tag="856" ind1="4" ind2=" ">
            <subfield code="s">88972</subfield>
            <subfield code="u">http://zaguan.unizar.es/record/78955/files/texto_completo.jpg?subformat=icon</subfield>
            <subfield code="x">icon</subfield>
            <subfield code="y">Versión publicada</subfield>
        </datafield>
        <datafield tag="909" ind1="C" ind2="O">
            <subfield code="o">oai:zaguan.unizar.es:78955</subfield>
            <subfield code="p">articulos</subfield>
            <subfield code="p">driver</subfield>
        </datafield>
        <datafield tag="951" ind1=" " ind2=" ">
            <subfield code="a">2020-11-05-08:21:27</subfield>
        </datafield>
        <datafield tag="980" ind1=" " ind2=" ">
            <subfield code="a">ARTICLE</subfield>
        </datafield>
    </record>

    
</collection>